000 00526cam a2200181 4500
001 D15392
008 090401t xxu||||| |||| 00| 0 eng d
035 _a(Sirsi) u22455
041 _aeng
110 _aRoyal Institution of Chartered Surveyors
_94900
245 _aChapitre Suisse de la FIABCI: liste des mambres, 1975. (Swiss chapter of FIABCI, list of members 1975)
300 _a24p. 21cm
350 _a0
520 _aShelved at 1975/11A
710 _aFiabci (Swiss Chapter)
_91054
942 _n0
948 _c04/03/1997
999 _c88186
_d88186